000 00829nam a2200253Ia 4500
003 OSt
005 20221005113015.0
006 a|||||r|||| 00| 0
007 ta
008 221004b |||||||| |||| 00| 0 pan d
020 _a9788171166008 (hbk)
_c125
024 _a11496
037 _b823, 13/03/2014, H.K. Prakashan
_cTextual
040 _aCRL
_cCRL
_bpan
041 _2pan
_apan
082 _aO153,1N49x, Q2
100 _aਸਿੰਘ, ਰਘਬੀਰ
245 0 _aਜੀਵਨ ਰਹੋ
260 _aਦਿੱਲੀ
_bਨੈFਨਲ ਬੁੱਕ ਟਰੱਸਟ ਭਾਰਤ
_c2012
300 _a72ਪੰ
_ccm.
650 _aਪੰਜਾਬੀ ਸਾਹਿਤ
942 _hO153,1N49x, Q2
_cTEXL
_2cc
999 _c1026727
_d1026727